JoJo’s Bizarre Adventure characters by hint. - Statistics

General Stats
  • This quiz has been taken 295 times
  • The average score is 11 of 15
Answer Stats
Hint Answer % Correct
Time stop and vampire abilities Dio
94%
User of the above stand Pucci
89%
Flaming bird Magicians Red
88%
Can turn anything it touches into a bomb Killer Queen
86%
Can accelerate time Made in Heaven
85%
Talking bullets Sex Pistols
82%
He can see a few seconds into the future and erase time Diavolo
81%
Can create duplicates of anything that it puts its sticker on Kiss
76%
Ability to remove stands and memories Whitesnake
76%
Stand which brings calamity to those who attempt to pursue it Wonder of U
74%
Stand ability which allows its user to transform into a dinosaur Scary Monsters
73%
Brother of the above Okuyasu Nijimura
68%
Stand user who has the ability to manipulate iron Risotto Nero
60%
User of the stand that resembles an army of toy soldiers Keicho Nijimura
50%
Latches itself onto someone’s tongue causing them to say the opposite of what they mean Talking Head
44%
No matching quizzes found
Score Distribution
Percent of People with Each Score
Percentile by Number Answered
Your Score History
You have not taken this quiz